Vista normal
Vista MARC
Entrada Corporate Name
Número de registros utilizados en: 1
001 - CONTROL NUMBER
- control field: 43785
003 - CONTROL NUMBER IDENTIFIER
- control field: OSt
005 - DATE AND TIME OF LATEST TRANSACTION
- control field: 20240812113123.0
008 - FIXED-LENGTH DATA ELEMENTS
- fixed length control field: 240812|| aca||aabn | a|a d
040 ## - CATALOGING SOURCE
- Original cataloging agency: OSt
- Transcribing agency: OSt
110 ## - HEADING--CORPORATE NAME
- Corporate name or jurisdiction name as entry element: Bogotá (Colombia)
- Subordinate unit: Alcaldía Mayor de Bogotá
- Subordinate unit: Secretaria de Cultura, Recreación y Deporte-SCRD
- Subordinate unit: Instituto Distrital de las Artes (IDARTES)
670 ## - SOURCE DATA FOUND
- Source citation: Work cat.: (OSt)30800: Bogotá (Colombia) Alcaldía Mayor de Bogotá Secretaria de Cultura, Recreación y Deporte-SCRD Instituto Distrital de las Artes (IDARTES), Trece relatos nórdicos ;, 2020